| 000 | 02485nam a22003137a 4500 | ||
|---|---|---|---|
| 999 |
_c60249 _d60249 |
||
| 003 | Ge_BSU | ||
| 005 | 20230621162734.0 | ||
| 008 | 230621s2008 ge ||||| |||| 00| 0 geo d | ||
| 020 | _a9789941401251 | ||
| 041 | _ageo | ||
| 080 | _a94(=14): 821.14'01-394:902.2 კ-77 | ||
| 100 |
_aკორომილა, მარიანა _914736 |
||
| 245 |
_aბერძნები შავ ზღვაზე : _bბრინჯაოს ხანიდან XX საუკუნის დასაწყისამდე / _cმარიანა კორომილა ; ბერძნ. ენიდან თარგმნეს: მედეა აბულაშვილმა, მედეა მეტრეველმა, ქეთევან ცინცაძემ ; [რედ.: სოფიო შამანიდი, მაკა ქამუშაძე] ; თსუ-ის კლ. ფილოლ., ბიზანტ. და ნეოგრეც. ინ-ტი, შემოქმ. გაერთ-ბა "პანორამა". |
||
| 264 |
_aთბილისი : _bპროგრამა "ლოგოსი", _c2008. |
||
| 300 |
_a477გვ. : _bსურ., რუკ. ; _c26სმ. |
||
| 490 | _aპროგრამა "ლოგოსი". პუბლიკაც. და ღონისძიებ. კლ. ფილოლ., ბიზანტინისტიკისა და ნეოგრეცისტიკის სფეროში | ||
| 500 | _aპარალ. თავფურც. ბერძნ. | ||
| 653 | _aსაბერძნეთის ისტორია | ||
| 653 | _aბერძნული მითები და ლეგენდები | ||
| 653 | _aბერძნების ეთნოგრაფია | ||
| 653 | _aარქეოლოგიური ძეგლები | ||
| 653 | _aბიზანტიის ისტორია | ||
| 653 | _aბერძნული დასახლებები შავ ზღვაზე | ||
| 700 |
_aაბულაშვილი, მედეა _eმთარგმნელი _913967 |
||
| 700 |
_aშამანიდი, სოფიო _eრედაქტორი _917096 |
||
| 700 |
_aქამუშაძე, მაკა _eრედაქტორი _918882 |
||
| 710 |
_a თსუ _bკლ. ფილოლ., ბიზანტ. და ნეოგრეც. ინ-ტი _918883 |
||
| 942 |
_2udc _cBK |
||